<?xml version="1.0" encoding="UTF-8"?>
<record
    xmlns:xsi="http://www.w3.org/2001/XMLSchema-instance"
    xsi:schemaLocation="http://www.loc.gov/MARC21/slim http://www.loc.gov/standards/marcxml/schema/MARC21slim.xsd"
    xmlns="http://www.loc.gov/MARC21/slim">

  <leader>00757nam a22001577a 4500</leader>
  <controlfield tag="003">OSt</controlfield>
  <controlfield tag="005">20160824160152.0</controlfield>
  <controlfield tag="008">160824b        xxu||||| |||| 00| 0 eng d</controlfield>
  <datafield tag="040" ind1=" " ind2=" ">
    <subfield code="c">RUA</subfield>
  </datafield>
  <datafield tag="082" ind1=" " ind2=" ">
    <subfield code="a">RUB SOU 2015 B514 Or.1</subfield>
  </datafield>
  <datafield tag="100" ind1=" " ind2=" ">
    <subfield code="9">9476</subfield>
    <subfield code="a">SOUN SOHHY; &#x179F;&#x17BD;&#x1793; &#x179F;&#x17BB;&#x1797;&#x17B8;</subfield>
  </datafield>
  <datafield tag="245" ind1=" " ind2=" ">
    <subfield code="a">Effect of chemical fertilizer application on mature rubber clone pb 260 at cambodian rubber research institute, &#x1794;&#x17D2;&#x179A;&#x179F;&#x17B7;&#x1791;&#x17D2;&#x1792;&#x1797;&#x17B6;&#x1796;&#x1793;&#x17C3;&#x1780;&#x17B6;&#x179A;&#x1794;&#x17D2;&#x179A;&#x17BE;&#x1794;&#x17D2;&#x179A;&#x17B6;&#x179F;&#x17CB;&#x1787;&#x17B8;&#x1782;&#x17B8;&#x1798;&#x17B8;&#x179B;&#x17BE;&#x1780;&#x17C5;&#x179F;&#x17CA;&#x17BC;&#x1795;&#x17D2;&#x178A;&#x179B;&#x17CB;&#x1795;&#x179B;&#x1780;&#x17D2;&#x179B;&#x17BC;&#x1793; PB 260 &#x1793;&#x17C5;&#x179C;&#x17B7;&#x1791;&#x17D2;&#x1799;&#x17B6;&#x179F;&#x17D2;&#x1790;&#x17B6;&#x1793;&#x179F;&#x17D2;&#x179A;&#x17B6;&#x179C;&#x1787;&#x17D2;&#x179A;&#x17B6;&#x179C;&#x1780;&#x17C5;&#x179F;&#x17CA;&#x17BC;&#x1780;&#x1798;&#x17D2;&#x1796;&#x17BB;&#x1787;&#x17B6;</subfield>
  </datafield>
  <datafield tag="260" ind1=" " ind2=" ">
    <subfield code="a">RUA</subfield>
    <subfield code="b">SOU </subfield>
    <subfield code="c">2015</subfield>
  </datafield>
  <datafield tag="300" ind1=" " ind2=" ">
    <subfield code="a">xiv,57p.</subfield>
    <subfield code="b">ill.</subfield>
    <subfield code="c">29cm.</subfield>
  </datafield>
  <datafield tag="942" ind1=" " ind2=" ">
    <subfield code="2">ddc</subfield>
    <subfield code="c">RUB</subfield>
  </datafield>
  <datafield tag="999" ind1=" " ind2=" ">
    <subfield code="c">9125</subfield>
    <subfield code="d">9125</subfield>
  </datafield>
  <datafield tag="952" ind1=" " ind2=" ">
    <subfield code="0">0</subfield>
    <subfield code="1">0</subfield>
    <subfield code="2">ddc</subfield>
    <subfield code="4">0</subfield>
    <subfield code="6">RUB_SOU_2015_000000000000000_B514_OR_1</subfield>
    <subfield code="7">0</subfield>
    <subfield code="9">50777</subfield>
    <subfield code="a">LBB</subfield>
    <subfield code="b">LBB</subfield>
    <subfield code="c">B514</subfield>
    <subfield code="d">2016-08-24</subfield>
    <subfield code="o">RUB SOU 2015 B514 Or.1</subfield>
    <subfield code="p">RUA061561</subfield>
    <subfield code="r">2016-08-24</subfield>
    <subfield code="w">2016-08-24</subfield>
    <subfield code="y">RUB</subfield>
  </datafield>
  <datafield tag="952" ind1=" " ind2=" ">
    <subfield code="0">0</subfield>
    <subfield code="1">0</subfield>
    <subfield code="2">ddc</subfield>
    <subfield code="4">0</subfield>
    <subfield code="6">RUB_SOU_2015_000000000000000_B514_OR_2</subfield>
    <subfield code="7">0</subfield>
    <subfield code="9">50778</subfield>
    <subfield code="a">LBB</subfield>
    <subfield code="b">LBB</subfield>
    <subfield code="c">B514</subfield>
    <subfield code="d">2016-08-24</subfield>
    <subfield code="o">RUB SOU 2015 B514 Or.2</subfield>
    <subfield code="p">RUA062401</subfield>
    <subfield code="r">2016-08-24</subfield>
    <subfield code="w">2016-08-24</subfield>
    <subfield code="y">RUB</subfield>
  </datafield>
  <datafield tag="952" ind1=" " ind2=" ">
    <subfield code="0">0</subfield>
    <subfield code="1">0</subfield>
    <subfield code="2">ddc</subfield>
    <subfield code="4">0</subfield>
    <subfield code="6">RUB_SOU_2015_000000000000000_B514_OR_3</subfield>
    <subfield code="7">0</subfield>
    <subfield code="9">50779</subfield>
    <subfield code="a">LBB</subfield>
    <subfield code="b">LBB</subfield>
    <subfield code="c">B514</subfield>
    <subfield code="d">2016-08-24</subfield>
    <subfield code="o">RUB SOU 2015 B514 Or.3</subfield>
    <subfield code="p">RUA061385</subfield>
    <subfield code="r">2016-08-24</subfield>
    <subfield code="w">2016-08-24</subfield>
    <subfield code="y">RUB</subfield>
  </datafield>
  <datafield tag="952" ind1=" " ind2=" ">
    <subfield code="0">0</subfield>
    <subfield code="1">0</subfield>
    <subfield code="2">ddc</subfield>
    <subfield code="4">0</subfield>
    <subfield code="6">RUB_SOU_2015_000000000000000_B514_OR_4</subfield>
    <subfield code="7">0</subfield>
    <subfield code="9">50780</subfield>
    <subfield code="a">LBB</subfield>
    <subfield code="b">LBB</subfield>
    <subfield code="c">B514</subfield>
    <subfield code="d">2016-08-24</subfield>
    <subfield code="o">RUB SOU 2015 B514 Or.4</subfield>
    <subfield code="p">RUA062657</subfield>
    <subfield code="r">2016-08-24</subfield>
    <subfield code="w">2016-08-24</subfield>
    <subfield code="y">RUB</subfield>
  </datafield>
  <datafield tag="952" ind1=" " ind2=" ">
    <subfield code="0">0</subfield>
    <subfield code="1">0</subfield>
    <subfield code="2">ddc</subfield>
    <subfield code="4">0</subfield>
    <subfield code="6">RUB_SOU_2015_000000000000000_B514_OR_5</subfield>
    <subfield code="7">0</subfield>
    <subfield code="9">50781</subfield>
    <subfield code="a">LBB</subfield>
    <subfield code="b">LBB</subfield>
    <subfield code="c">B514</subfield>
    <subfield code="d">2016-08-24</subfield>
    <subfield code="o">RUB SOU 2015 B514 Or.5</subfield>
    <subfield code="p">RUA062027</subfield>
    <subfield code="r">2016-08-24</subfield>
    <subfield code="w">2016-08-24</subfield>
    <subfield code="y">RUB</subfield>
  </datafield>
  <datafield tag="952" ind1=" " ind2=" ">
    <subfield code="0">0</subfield>
    <subfield code="1">0</subfield>
    <subfield code="2">ddc</subfield>
    <subfield code="4">0</subfield>
    <subfield code="6">RUB_SOU_2015_000000000000000_B514_OR_6</subfield>
    <subfield code="7">0</subfield>
    <subfield code="9">50782</subfield>
    <subfield code="a">LBB</subfield>
    <subfield code="b">LBB</subfield>
    <subfield code="c">B514</subfield>
    <subfield code="d">2016-08-24</subfield>
    <subfield code="o">RUB SOU 2015 B514 Or.6</subfield>
    <subfield code="p">RUA061437</subfield>
    <subfield code="r">2016-08-24</subfield>
    <subfield code="w">2016-08-24</subfield>
    <subfield code="y">RUB</subfield>
  </datafield>
  <datafield tag="952" ind1=" " ind2=" ">
    <subfield code="0">0</subfield>
    <subfield code="1">0</subfield>
    <subfield code="2">ddc</subfield>
    <subfield code="4">0</subfield>
    <subfield code="6">RUB_SOU_2015_000000000000000_B514_OR_7</subfield>
    <subfield code="7">0</subfield>
    <subfield code="9">50783</subfield>
    <subfield code="a">LBB</subfield>
    <subfield code="b">LBB</subfield>
    <subfield code="c">B514</subfield>
    <subfield code="d">2016-08-24</subfield>
    <subfield code="o">RUB SOU 2015 B514 Or.7</subfield>
    <subfield code="p">RUA061455</subfield>
    <subfield code="r">2016-08-24</subfield>
    <subfield code="w">2016-08-24</subfield>
    <subfield code="y">RUB</subfield>
  </datafield>
  <datafield tag="952" ind1=" " ind2=" ">
    <subfield code="0">0</subfield>
    <subfield code="1">0</subfield>
    <subfield code="2">ddc</subfield>
    <subfield code="4">0</subfield>
    <subfield code="6">RUB_SOU_2015_000000000000000_B514_OR_8</subfield>
    <subfield code="7">0</subfield>
    <subfield code="9">50784</subfield>
    <subfield code="a">LBB</subfield>
    <subfield code="b">LBB</subfield>
    <subfield code="c">B514</subfield>
    <subfield code="d">2016-08-24</subfield>
    <subfield code="l">1</subfield>
    <subfield code="o">RUB SOU 2015 B514 Or.8</subfield>
    <subfield code="p">RUA061458</subfield>
    <subfield code="r">2025-11-10</subfield>
    <subfield code="s">2025-10-30</subfield>
    <subfield code="w">2016-08-24</subfield>
    <subfield code="y">RUB</subfield>
  </datafield>
</record>
